Connections bible (Record no. 4163)
[ view plain ]
| 000 -LEADER | |
|---|---|
| fixed length control field | 00225nam a22000857a 4500 |
| 008 - FIXED-LENGTH DATA ELEMENTS--GENERAL INFORMATION | |
| fixed length control field | 161125b xxu||||| |||| 00| 0 eng d |
| 100 ## - MAIN ENTRY--PERSONAL NAME | |
| 9 (RLIN) | 1439 |
| Personal name | Holder. G |
| 245 ## - TITLE STATEMENT | |
| Title | Connections bible |
| 260 ## - PUBLICATION, DISTRIBUTION, ETC. (IMPRINT) | |
| Place of publication, distribution, etc. | Bangalore |
| Name of publisher, distributor, etc. | Sadhana publication |
| Date of publication, distribution, etc. | 2004 |
No items available.